| 000 | 00943nam a2200289 i 4500 | ||
|---|---|---|---|
| 001 | bg | ||
| 003 | BPK | ||
| 005 | 20191230141843.0 | ||
| 008 | 001103s2000 pl a f f |000 0 pol | ||
| 015 | _aPB 1999/16513 | ||
| 020 | _a8301130105 | ||
| 040 |
_aWA N _cBPK |
||
| 041 | 0 | _apol | |
| 080 | _a330 | ||
| 080 | _a(075.8) | ||
| 245 | 0 | 0 |
_aPodstawy ekonomii / _cred. nauk. Roman Milewski ; aut. Anna Jabłońska [et al.]. |
| 250 | _aWyd. 2 popr., dodr. | ||
| 260 |
_aWarszawa : _bWydaw. Naukowe PWN, _c2000. |
||
| 300 |
_a682, [1] s. : _bwykr. ; _c24 cm. |
||
| 655 | 4 | _aPodręczniki akademickie | |
| 650 | 4 | _aEkonomia | |
| 700 | 1 |
_aJabłońska, Anna _c(ekonomistka). _eAutor |
|
| 710 | 2 |
_aWydawnictwo Naukowe PWN _4pbl. |
|
| 700 | 1 |
_aMilewski, Roman _d(1940-2001) _eRedakcja |
|
| 856 |
_uhttp://koha.tu.koszalin.pl/cgi-bin/koha/opac-detail.pl?biblionumber=38296 _yKatalog online BPK |
||
| 942 |
_2UKD _cKS |
||
| 999 |
_c38296 _d38296 |
||